effect of different plant spacing of rice sen pidor ឥទ្ធពលនៃចន្លោះគម្អផ្សេងៗគ្នានៅលើដំណាំស្រូវសែនពិដោរ (Record no. 17920)

000 -LEADER
fixed length control field 00590nam a22001337a 4500
040 ## - CATALOGING SOURCE
Transcribing agency RUA
082 ## - DEWEY DECIMAL CLASSIFICATION NUMBER
Classification number AGR HAN 2017 B633 Or.1
100 ## - MAIN ENTRY--AUTHOR NAME
Personal name HANG SOKRITH ហង​ សុខរិទ្ធ
245 ## - TITLE STATEMENT
Title effect of different plant spacing of rice sen pidor ឥទ្ធពលនៃចន្លោះគម្អផ្សេងៗគ្នានៅលើដំណាំស្រូវសែនពិដោរ
260 ## - PUBLICATION, DISTRIBUTION, ETC. (IMPRINT)
Place of publication phnom penh
Name of publisher RUA
Year of publication 2017
300 ## - PHYSICAL DESCRIPTION
Number of Pages ix;29p
Other physical details ill;
Dimensions 29cm
856 ## - ELECTRONIC LOCATION AND ACCESS
Uniform Resource Identifier https://drive.google.com/file/d/1W33YNVCsPqxYemibACT-6yoKvDoKNwDS/view?usp=sharing
942 ## - ADDED ENTRY ELEMENTS (KOHA)
Koha item type AGR
952 ## - LOCATION AND ITEM INFORMATION (KOHA)
Withdrawn status [LOCAL, KOHA] 0
952 ## - LOCATION AND ITEM INFORMATION (KOHA)
Withdrawn status [LOCAL, KOHA] 0
952 ## - LOCATION AND ITEM INFORMATION (KOHA)
Withdrawn status [LOCAL, KOHA] 0
952 ## - LOCATION AND ITEM INFORMATION (KOHA)
Withdrawn status [LOCAL, KOHA] 0
952 ## - LOCATION AND ITEM INFORMATION (KOHA)
Withdrawn status [LOCAL, KOHA] 0
Holdings
Permanent Location Date acquired Koha item type Lost status Shelving location Barcode Current Location Full call number
Library Block B2019-06-24AGR B633A42347Library Block BAGR HAN 2017 B633 Or.1
Library Block B2019-06-24AGR B633A42272Library Block BAGR HAN 2017 B633 Or.2
Library Block B2019-06-24AGR B633A42284Library Block BAGR HAN 2017 B633 Or.3
Library Block B2019-06-24AGR B633A42227Library Block BAGR HAN 2017 B633 Or.4
Library Block B2019-06-24AGR B633A42377Library Block BAGR HAN 2017 B633 Or.5
មជ្ឈមណ្ឌលឯការនៃសាកលវិទ្យាល័យភូមិន្ទកសិកម្មចំការដូង

Powered by Koha